[Event "Mittelfrank Regionalliga Sud-Ost 2122"]
[Site "Mittelfranken"]
[Date "2022.06.26"]
[Round "3.2"]
[White "Lechermann, Markus"]
[Black "Wurzel, Andre"]
[Result "1-0"]
[WhiteElo "2057"]
[BlackElo "2125"]
[PlyCount "89"]
[EventDate "2021.10.24"]
[EventType "team-tourn"]
[EventRounds "9"]
[EventCountry "GER"]
[SourceTitle "EXT 2024"]
[Source "ChessBase"]
[SourceDate "2023.10.10"]
[SourceVersion "1"]
[SourceVersionDate "2023.10.10"]
[SourceQuality "1"]
[WhiteTeam "Ingolstadt"]
[BlackTeam "Neuburg"]
[WhiteTeamCountry "GER"]
[BlackTeamCountry "GER"]

1. d4 d5 2. Bf4 c5 3. e3 Nc6 4. c3 Nf6 5. Nf3 Qb6 6. Qb3 c4 7. Qxb6 axb6 8. Nbd2 b5 9. a3 Bf5 10. Rc1 h6 11. h3 g5 12. Bh2 Bg7 13. Be2 Nd7 14. 0-0 0-0 15. Rfe1 Rfe8 16. Bd1 e5 17. dxe5 Bxe5 18. Bc2 Bxh2+ 19. Kxh2 Bxc2 20. Rxc2 Nc5 21. Rd1 Nd3 22. Kg1 f5 23. Nf1 f4 24. Rcd2 Rad8 25. Ne1 Nxe1 26. Rxe1 d4 27. cxd4 Nxd4 28. Red1 Ne6 29. Rd7 Kf8 30. R1d6 Rxd7 31. Rxd7 Rd8 32. Rxb7 Rd5 33. e4 Rc5 34. Nd2 c3 35. bxc3 Rxc3 36. Rxb5 Rxa3 37. Rb6 Ke7 38. Nc4 Ra4 39. Nd6 Kf6 40. f3 Ra1+ 41. Kh2 h5 42. Nf5 Ke5 43. Nh6 Nd8 44. Rg6 Kd4 45. Rd6+ 1-0

[Event "Mittelfrank Regionalliga Sud-Ost 2122"]
[Site "Mittelfranken"]
[Date "2022.05.08"]
[Round "8.2"]
[White "Wurzel, Andre"]
[Black "Stoettner, Moritz"]
[Result "1/2-1/2"]
[WhiteElo "2125"]
[BlackElo "2056"]
[PlyCount "41"]
[EventDate "2021.10.24"]
[EventType "team-tourn"]
[EventRounds "9"]
[EventCountry "GER"]
[SourceTitle "EXT 2024"]
[Source "ChessBase"]
[SourceDate "2023.10.10"]
[SourceVersion "1"]
[SourceVersionDate "2023.10.10"]
[SourceQuality "1"]
[WhiteTeam "Neuburg"]
[BlackTeam "Landau Dingolfing"]
[WhiteTeamCountry "GER"]
[BlackTeamCountry "GER"]

1. Nf3 d5 2. g3 c5 3. Bg2 Nc6 4. d4 Nf6 5. 0-0 e6 6. c4 dxc4 7. dxc5 Qxd1 8. Rxd1 Bxc5 9. Nbd2 c3 10. bxc3 0-0 11. Nb3 Be7 12. c4 Bd7 13. Bb2 Rfc8 14. c5 Be8 15. Nfd2 b6 16. cxb6 axb6 17. Nc4 Rab8 18. Nd6 Bxd6 19. Rxd6 Na5 20. Nxa5 bxa5 21. Rd2 1/2-1/2

[Event "Oberbayern Bezirksliga 1718"]
[Site "Germany"]
[Date "2018.02.04"]
[Round "6.1"]
[White "Poetsch, Klaus"]
[Black "Wurzel, Andre"]
[Result "1/2-1/2"]
[WhiteElo "2119"]
[BlackElo "2150"]
[PlyCount "91"]
[EventDate "2017.10.22"]
[EventType "team-tourn"]
[EventRounds "9"]
[EventCountry "GER"]
[SourceTitle "EXT 2019"]
[Source "ChessBase"]
[SourceDate "2018.10.10"]
[SourceVersion "1"]
[SourceVersionDate "2018.10.10"]
[SourceQuality "1"]
[WhiteTeam "Waldkraiburg"]
[BlackTeam "Neuburg"]
[WhiteTeamCountry "GER"]
[BlackTeamCountry "GER"]

1. d4 Nf6 2. Nf3 e6 3. Bg5 c5 4. e3 Be7 5. Bd3 b6 6. Qe2 Bb7 7. Nbd2 cxd4 8. exd4 Nc6 9. c3 Nd5 10. Be3 Qc7 11. 0-0 0-0 12. c4 Nf4 13. Bxf4 Qxf4 14. Qe4 Qxe4 15. Bxe4 f5 16. Bxc6 Bxc6 17. Ne5 Bb7 18. Rac1 d6 19. Nef3 Bf6 20. Rfe1 Rfe8 21. b4 Rac8 22. Nb3 Kf7 23. c5 dxc5 24. bxc5 Bd5 25. Ne5+ Bxe5 26. Rxe5 Red8 27. Rce1 Bxb3 28. axb3 Rc6 29. g4 g6 30. gxf5 gxf5 31. Ra1 Rxd4 32. Rxa7+ Kf6 33. Re3 Rg4+ 34. Kf1 Rxc5 35. Rxh7 e5 36. Rh6+ Rg6 37. Rxg6+ Kxg6 38. Rd3 Kg5 39. Rg3+ Kf4 40. Kg2 Rc6 41. h4 e4 42. Kh3 Rc1 43. Kg2 Rc6 44. Kh3 Rc1 45. Kg2 Rc6 46. Kh3 1/2-1/2

[Event "Regionalliga SO 1617"]
[Site "Bayern"]
[Date "2016.11.20"]
[Round "2.2"]
[White "Wurzel, Andre"]
[Black "Gschwendtner, Klaus"]
[Result "1-0"]
[WhiteElo "2189"]
[BlackElo "2057"]
[PlyCount "71"]
[EventDate "2016.10.16"]
[EventType "team-tourn"]
[EventRounds "9"]
[EventCountry "GER"]
[SourceTitle "EXT 2019"]
[Source "ChessBase"]
[SourceDate "2018.10.10"]
[SourceVersion "1"]
[SourceVersionDate "2018.10.10"]
[SourceQuality "1"]
[WhiteTeam "Ingolstadt"]
[BlackTeam "Starnberger See"]
[WhiteTeamCountry "GER"]
[BlackTeamCountry "GER"]

1. d4 d5 2. Nf3 Nf6 3. c4 e6 4. Nc3 Be7 5. Bf4 0-0 6. e3 b6 7. Bd3 Bb7 8. cxd5 Nxd5 9. Nxd5 Qxd5 10. Qc2 Qa5+ 11. Ke2 Na6 12. a3 c5 13. dxc5 Qxc5 14. Bxh7+ Kh8 15. b4 Qh5 16. Be4 Rac8 17. Qb1 Bxe4 18. Qxe4 Qb5+ 19. Ke1 Rc3 20. Be5 f5 21. Qb7 Rc2 22. Nd4 Qxe5 23. Qxe7 Rfc8 24. Qh4+ Kg8 25. Nxc2 Qc3+ 26. Ke2 Qxc2+ 27. Kf3 Rc4 28. Qd8+ Kh7 29. Rad1 Qe4+ 30. Ke2 Qg4+ 31. Kf1 Rc2 32. Qd3 Ra2 33. h3 Qg5 34. Qxa6 Qh4 35. g3 Qe4 36. Rh2 1-0

[Event "Regionalliga SO 1617"]
[Site "Bayern"]
[Date "2016.10.16"]
[Round "1.3"]
[White "Wurzel, Andre"]
[Black "Schmidt, Anton"]
[Result "1/2-1/2"]
[WhiteElo "2189"]
[BlackElo "2024"]
[PlyCount "131"]
[EventDate "2016.10.16"]
[EventType "team-tourn"]
[EventRounds "9"]
[EventCountry "GER"]
[SourceTitle "EXT 2019"]
[Source "ChessBase"]
[SourceDate "2018.10.10"]
[SourceVersion "1"]
[SourceVersionDate "2018.10.10"]
[SourceQuality "1"]
[WhiteTeam "Ingolstadt"]
[BlackTeam "Groebenzell II"]
[WhiteTeamCountry "GER"]
[BlackTeamCountry "GER"]

1. d4 d5 2. Nf3 c5 3. c4 e6 4. cxd5 exd5 5. g3 Nc6 6. Bg2 Nf6 7. 0-0 Be7 8. dxc5 Bxc5 9. Nc3 0-0 10. a3 Ne4 11. Nxd5 Be6 12. Nc3 Nxc3 13. bxc3 Qxd1 14. Rxd1 Rad8 15. Bf4 Rxd1+ 16. Rxd1 Bxa3 17. Nd4 Nxd4 18. cxd4 b5 19. Bc6 Bc4 20. d5 g5 21. Bc7 Be7 22. d6 Bd8 23. Ra1 b4 24. Rxa7 b3 25. Rb7 Be6 26. Ba4 Bxc7 27. dxc7 Rc8 28. Bxb3 Bxb3 29. Rxb3 Rxc7 30. Rb2 Kg7 31. Kg2 Kf6 32. g4 Kg6 33. Rb5 Rc2 34. e3 f6 35. Kg3 h5 36. gxh5+ Kxh5 37. h4 Kg6 38. hxg5 fxg5 39. f3 Re2 40. e4 Re1 41. Kf2 Ra1 42. Rb6+ Kf7 43. Rd6 Rb1 44. Kg2 Ra1 45. Kg3 Rg1+ 46. Kf2 Ra1 47. Rd5 Kf6 48. Rf5+ Kg6 49. Ke3 Ra4 50. Kd3 Rb4 51. Kc3 Ra4 52. Kb3 Ra1 53. Kb4 Re1 54. Kc3 Rd1 55. Kc4 Rd2 56. Rd5 Rf2 57. Rd3 Kf6 58. Kd5 Ra2 59. Rb3 Rd2+ 60. Kc4 Rd1 61. Rb6+ Kf7 62. e5 Rd2 63. Rf6+ Ke7 64. Rg6 Rf2 65. Rf6 Rd2 66. Rg6 1/2-1/2

[Event "Landesliga Sued 1213"]
[Site "Bayern"]
[Date "2013.03.17"]
[Round "8.7"]
[White "Weichlein, Paul"]
[Black "Wurzel, Andre"]
[Result "1-0"]
[WhiteElo "1989"]
[BlackElo "2156"]
[PlyCount "97"]
[EventDate "2012.10.14"]
[EventType "team-tourn"]
[EventRounds "9"]
[EventCountry "GER"]
[SourceTitle "EXT 2015"]
[Source "ChessBase"]
[SourceDate "2014.11.20"]
[SourceVersion "1"]
[SourceVersionDate "2014.11.20"]
[SourceQuality "1"]
[WhiteTeam "Haunstetten"]
[BlackTeam "Ingolstadt"]
[WhiteTeamCountry "GER"]
[BlackTeamCountry "GER"]

1. d4 Nf6 2. c4 e6 3. g3 c5 4. Nf3 cxd4 5. Nxd4 a6 6. Bg2 Qc7 7. Nd2 Be7 8. 0-0 0-0 9. b3 Nc6 10. Bb2 d6 11. Rc1 Bd7 12. e3 Rfd8 13. Qe2 Rac8 14. a3 Qb8 15. b4 Be8 16. g4 h6 17. f4 Nh7 18. N2f3 b5 19. g5 hxg5 20. Nxg5 Nxd4 21. exd4 Nxg5 22. fxg5 Bxg5 23. Rc3 Rxc4 24. Rh3 d5 25. Qh5 Bh6 26. Rf6 Qc7 27. Bf1 Rc1 28. Qh4 Kf8 29. Bxc1 Bxc1 30. Qh8+ Ke7 31. Qxg7 Bb2 32. Re3 Rd6 33. Rf2 Qc1 34. Qf6+ Kd7 35. Ree2 Bxa3 36. Rc2 Qb1 37. Qf3 Bxb4 38. Qd3 Qa1 39. Qb3 a5 40. Qd3 Qa3 41. Qxb5+ Ke7 42. Rc7+ Rd7 43. Rc8 Bd6 44. Qe2 Rc7 45. Ra8 Qc3 46. Qg4 Rc8 47. Rf3 Qc1 48. Rxc8 Qxc8 49. Qh4+ 1-0

[Event "Landesliga Sued 1213"]
[Site "Bayern"]
[Date "2013.02.24"]
[Round "7.6"]
[White "Sirota, Boris"]
[Black "Wurzel, Andre"]
[Result "0-1"]
[WhiteElo "2209"]
[BlackElo "2156"]
[PlyCount "86"]
[EventDate "2012.10.14"]
[EventType "team-tourn"]
[EventRounds "9"]
[EventCountry "GER"]
[SourceTitle "EXT 2015"]
[Source "ChessBase"]
[SourceDate "2014.11.20"]
[SourceVersion "1"]
[SourceVersionDate "2014.11.20"]
[SourceQuality "1"]
[WhiteTeam "Muenchen Suedost"]
[BlackTeam "Ingolstadt"]
[WhiteTeamCountry "GER"]
[BlackTeamCountry "GER"]

1. Nf3 c5 2. c4 Nf6 3. g3 e6 4. Bg2 Be7 5. Nc3 0-0 6. 0-0 a6 7. d4 cxd4 8. Nxd4 Qc7 9. b3 Nc6 10. Bb2 Re8 11. e4 d6 12. Rc1 Ne5 13. h3 Bd7 14. Kh1 Rac8 15. f4 Ng6 16. Qe2 Qb8 17. Rce1 h6 18. e5 Nh7 19. h4 dxe5 20. fxe5 Bc5 21. Nf3 b5 22. cxb5 Bxb5 23. Nxb5 axb5 24. Nd4 Qb6 25. Nxb5 Ne7 26. g4 Ng6 27. Rd1 Nxh4 28. Nd6 Bxd6 29. exd6 Nxg2 30. Qxg2 Red8 31. Qf2 Qc6+ 32. Qf3 Ng5 33. Qxc6 Rxc6 34. Be5 f6 35. Bf4 Nf7 36. Rf3 e5 37. Be3 Rdxd6 38. Rxd6 Nxd6 39. a4 Rc3 40. a5 Rxb3 41. a6 Nb5 42. Kg2 Ra3 43. Kg3 e4 0-1

[Event "Landesliga Sued 1213"]
[Site "Bayern"]
[Date "2013.02.03"]
[Round "6.7"]
[White "Beckers, Thomas"]
[Black "Wurzel, Andre"]
[Result "0-1"]
[WhiteElo "2022"]
[BlackElo "2156"]
[PlyCount "68"]
[EventDate "2012.10.14"]
[EventType "team-tourn"]
[EventRounds "9"]
[EventCountry "GER"]
[SourceTitle "EXT 2015"]
[Source "ChessBase"]
[SourceDate "2014.11.20"]
[SourceVersion "1"]
[SourceVersionDate "2014.11.20"]
[SourceQuality "1"]
[WhiteTeam "Muenchen Tarrasch II"]
[BlackTeam "Ingolstadt"]
[WhiteTeamCountry "GER"]
[BlackTeamCountry "GER"]

1. d4 Nf6 2. c4 e6 3. Nf3 b6 4. a3 Bb7 5. Nc3 d5 6. cxd5 Nxd5 7. e3 Be7 8. Bd3 0-0 9. e4 Nxc3 10. bxc3 c5 11. 0-0 cxd4 12. cxd4 Nc6 13. Be3 Rc8 14. Qa4 a6 15. Rfd1 b5 16. Qb3 Na5 17. Qb2 Nc4 18. Bxc4 Rxc4 19. Ne5 Ra4 20. f3 f5 21. Qb3 Qd6 22. Nd3 fxe4 23. Nc5 Bd5 24. Qb1 exf3 25. Nxa4 f2+ 26. Bxf2 Rxf2 27. Kxf2 Qxh2 28. Rd2 Qxg2+ 29. Ke1 Qh1+ 30. Ke2 Qf3+ 31. Ke1 Bh4+ 32. Rf2 Qxf2+ 33. Kd1 Bf3+ 34. Kc1 Bg5# 0-1

[Event "Landesliga Sued 1011"]
[Site "Bayern"]
[Date "2011.02.06"]
[Round "6.2"]
[White "Wurzel, Andre"]
[Black "Bayer, Bernhard"]
[Result "0-1"]
[WhiteElo "2169"]
[BlackElo "2355"]
[PlyCount "74"]
[EventDate "2010.10.10"]
[EventType "team-tourn"]
[EventRounds "9"]
[EventCountry "GER"]
[SourceTitle "EXT 2012"]
[Source "ChessBase"]
[SourceDate "2011.11.24"]
[SourceVersion "1"]
[SourceVersionDate "2011.11.24"]
[SourceQuality "1"]
[WhiteTeam "Ingolstadt"]
[BlackTeam "Weilheim"]
[WhiteTeamCountry "GER"]
[BlackTeamCountry "GER"]

1. c4 e5 2. g3 c5 3. Bg2 Nc6 4. Nc3 g6 5. Nf3 Bg7 6. 0-0 Nge7 7. a3 0-0 8. Rb1 a5 9. Ne1 d6 10. Nc2 Be6 11. Ne3 f5 12. d3 Kh8 13. Bd2 f4 14. Ned5 Nd4 15. b4 axb4 16. axb4 Nxd5 17. Bxd5 Bxd5 18. Nxd5 f3 19. exf3 Ra2 20. Be3 Nxf3+ 21. Kg2 Qc8 22. bxc5 dxc5 23. h3 Ra3 24. Rb5 Qf5 25. Ne7 Qd7 26. Bxc5 Rxd3 27. Qe2 Rf7 28. Ra1 Bf8 29. Ra8 Kg7 30. Nd5 Bxc5 31. Rxc5 Rd2 32. Qe3 Rd1 33. Qxf3 Rxf3 34. Kxf3 Qf5+ 35. Nf4 Rd3+ 36. Kg2 Qe4+ 37. Kh2 exf4 0-1

[Event "Landesliga Sued 0910"]
[Site "Bayern"]
[Date "2010.04.11"]
[Round "9.2"]
[White "Wurzel, Andre"]
[Black "Pezerovic, Edin"]
[Result "1/2-1/2"]
[WhiteElo "2189"]
[BlackElo "2418"]
[PlyCount "75"]
[EventDate "2009.10.18"]
[EventType "team-tourn"]
[EventRounds "9"]
[EventCountry "GER"]
[SourceTitle "EXT 2011"]
[Source "ChessBase"]
[SourceDate "2010.11.26"]
[SourceVersion "1"]
[SourceVersionDate "2010.11.26"]
[SourceQuality "1"]
[WhiteTeam "Ingolstadt"]
[BlackTeam "Tegernsee"]
[WhiteTeamCountry "GER"]
[BlackTeamCountry "GER"]

1. c4 Nf6 2. Nf3 e6 3. g3 b6 4. Bg2 Bb7 5. 0-0 Be7 6. Nc3 0-0 7. Re1 d5 8. cxd5 exd5 9. d4 Nbd7 10. Bf4 c5 11. Rc1 Ne4 12. Ne5 Ndf6 13. Qa4 Nxc3 14. bxc3 Qc8 15. c4 Qe6 16. dxc5 Bxc5 17. Nd3 Rfc8 18. Bd2 Bc6 19. cxd5 Nxd5 20. Nxc5 bxc5 21. Qc4 Nb6 22. Qxe6 fxe6 23. Rxc5 Bxg2 24. Rxc8+ Rxc8 25. Kxg2 Rc2 26. Be3 Rxa2 27. Bxb6 axb6 28. Rb1 Ra6 29. Rb2 Kf7 30. Kf3 Ke7 31. Ke4 Kd6 32. Rd2+ Kc5 33. Rc2+ Kd6 34. Rd2+ Kc7 35. Rc2+ Kb7 36. Rd2 Kc7 37. Rc2+ Kd6 38. Rd2+ 1/2-1/2

[Event "Landesliga Sued 0910"]
[Site "Bayern"]
[Date "2009.10.18"]
[Round "1.2"]
[White "Wisnet, Dominic"]
[Black "Wurzel, Andre"]
[Result "1-0"]
[WhiteElo "2167"]
[BlackElo "2189"]
[PlyCount "80"]
[EventDate "2009.10.18"]
[EventType "team-tourn"]
[EventRounds "9"]
[EventCountry "GER"]
[SourceTitle "EXT 2011"]
[Source "ChessBase"]
[SourceDate "2010.11.26"]
[SourceVersion "1"]
[SourceVersionDate "2010.11.26"]
[SourceQuality "1"]
[WhiteTeam "Rottal"]
[BlackTeam "Ingolstadt"]
[WhiteTeamCountry "GER"]
[BlackTeamCountry "GER"]

1. e4 c5 2. Nf3 e6 3. d4 cxd4 4. Nxd4 Nc6 5. Be3 Nf6 6. Nc3 Qc7 7. Bd3 a6 8. a4 Ne5 9. h3 Bc5 10. 0-0 d6 11. Be2 0-0 12. Kh1 Bd7 13. f4 Rad8 14. Bf2 Qb6 15. Qd2 Ng6 16. a5 Qb4 17. Bf3 e5 18. fxe5 dxe5 19. Nb3 Bxf2 20. Qxf2 Bc6 21. Qe3 Nh4 22. Qg5 Nxf3 23. gxf3 Qe7 24. Rad1 h6 25. Qh4 Kh7 26. Rg1 g5 27. Rxg5 Rxd1+ 28. Nxd1 Ng8 29. Rg4 f5 30. Qxe7+ Nxe7 31. Rg1 fxe4 32. fxe4 Bxe4+ 33. Kh2 Ng6 34. Nc5 Bc6 35. Nd3 Rd8 36. Ne3 Rd4 37. Rf1 e4 38. Nc5 Ne5 39. Rf6 Nf3+ 40. Kg3 Rd2 1-0